Estudios de derecho romano e historia del derecho comparado: trabajos en homenaje a Ferran Valls i Taberner
Guardat en:
| Format: | Llibre |
|---|---|
| Idioma: | espanyol |
| Publicat: |
Barcelona
Gráficas Cometa
1991
|
| Matèries: | |
| Etiquetes: |
Afegir etiqueta
Sense etiquetes, Sigues el primer a etiquetar aquest registre!
|
MARC
| LEADER | 00000nam a2200000 a 4500 | ||
|---|---|---|---|
| 001 | UCV2159 | ||
| 003 | CL-VaPUC | ||
| 008 | 911211e19910000SP |||||||||||||||||spa|d | ||
| 082 | 0 | 4 | |a 340 |b EST |2 21 |
| 245 | 1 | 0 | |a Estudios de derecho romano e historia del derecho comparado: trabajos en homenaje a Ferran Valls i Taberner |
| 300 | |a v | ||
| 942 | |c BK | ||
| 945 | |d 19911211 00:00:00 | ||
| 260 | |a Barcelona |b Gráficas Cometa |c 1991 | ||
| 500 | |a Estudio interdisciplinares en Homenaje a Ferran Valls y Taberner con ocasion del centenario de su nacimiento | ||
| 650 | 0 | |a Derecho comparado |9 255664 | |
| 650 | 0 | |a Derecho romano |9 255930 | |
| 583 | |a last modification |c 19911211 00:00:00 |k Rodrigo Vera | ||
| 999 | |c 209834 |d 209832 | ||
| 952 | |0 0 |1 0 |4 0 |6 340_000000000000000_EST_1991 |7 0 |8 DER_HIS |9 185639 |a BIBDER |b BIBDER |d 2019-11-14 |h v.18 |i 2530864 |o 340 EST 1991 |p 2530864 |r 2023-01-25 |w 2019-11-14 |x Ubicación 4to Piso |y BK |z Estos recursos deben solicitarse con anticipación |k DER | ||